000 00401pab a2200181 454500
008 180718b2012 xxu||||| |||| 00| 0 eng d
100 _aPrakash, T.
245 _aRural tourism - a global view
260 _c2012
300 _ap.11-12.
362 _aMay
650 _aRural development
650 _aTourism
700 _aPerumal, M.
773 _aKurukshetra
908 _aN
909 _a96558
999 _c96558
_d96558